000 01624nam a2200349 i 4500
003 DO-SdBNP
005 20250827090300.0
007 ta
008 240508b200? dr a|||| 6||| 00| 0 spa d
020 _a9789945186932
040 _aDO-SdBNP
_bspa
_cBNPHU
_erda
041 _aspa
082 4 _axxx
_bP349d
_222
100 1 _aBáez-Torres, Etzel,
_d1953-
_eautor
_4aut.
_985417
245 1 0 _aDr. José Francisco Peña Gómez 1961-1965 /
_cEtzel Báez-Torres ; ilustración, Enrique A. Lacoste Prince ; productor ejecutivo, Francisco Antonio Peña Guaba ; productor asociado, José Luis Lobato.
264 1 _a[Santo Domingo] :
_bFundación José Francisco Peña Gómez,
_c2023.
300 _a1volúmen en 3 tomos :
_bilustraciones ;
_c28 cm.
336 _atexto
_btxt
_2rdacontent
337 _asin mediación
_bn
_2rdamedia
338 _avolumen
_bnc
_2rdacarrier
500 _aIncluye datos biográficos del autor e ilustrador en la contracubierta.
505 _aTomo I.
_tPrimera parte 1961-1963. --
_gTomo II.
_tSegunda parte 1963-1965. --
_gTomo III.
_tTercera parte 1965-1971. --
_gTomo IV.
_tCuarta parte1971-1974. --
590 _aInventariado 2024 / MF
600 1 _aPeña Gómez, José Francisco
_d1937- 1998
_983872
600 4 _aBáez, Etzel,
_d1953-
_944070
_tDr. José Francisco Peña Gómez
600 1 _aBáez-Torres, Etzel
_985417
650 4 _aTiras Cómicas, Historietas, Etc.
_911307
_vBiografías
_zRepública Dominicana
651 0 _aRepública Dominicana
_xHistoria
_vBiografías
_y1961-1965
_983082
700 1 _aLacoste Prince , Enrique A.,
_d1952-
_eautor
_4aut.
_974686
910 _aMF.
942 _2ddc
_cLF2
999 _c56618
_d56618